000 00529nam a2200193 a 4500
001 2025
005 20140414132025.0
008 040109s19uu xx 00 eng d
020 _a0-307-10230-0
050 _aTR
_bF74 2000
100 _aWeinberg, Larry
245 _aForgetful bears (The) /
_cLarry Weinberg ; illustrated by Randay Cecil.
260 _aNew York :
_bGolden Books,
_c2000.
300 _av. p. : ill. ; cm.
500 _aTR/PS
650 _aBears
_xFiction.
650 _aChildren stories.
999 _c113540
_d113540